Most Republican states since 2000 - Statistics

General Stats
  • This quiz has been taken 86 times
  • The average score is 9 of 10
Answer Stats
Margin State % Correct
+32.9 Idaho
93%
+31.2 Oklahoma
91%
+22.9 Alabama
90%
+25.4 North Dakota
90%
+33.5 Utah
90%
+40.4 Wyoming
88%
+21.6 Kentucky
87%
+21.1 South Dakota
87%
+23.4 West Virginia
83%
+23.9 Nebraska
74%
No matching quizzes found
Score Distribution
Percent of People with Each Score
Percentile by Number Answered
Your Score History
You have not taken this quiz